Normal view
MARC view
Entry Personal Name
001 - CONTROL NUMBER
- control field: 23912
003 - CONTROL NUMBER IDENTIFIER
- control field: OSt
005 - DATE AND TIME OF LATEST TRANSACTION
- control field: 20151229135436.0
008 - FIXED-LENGTH DATA ELEMENTS
- fixed length control field: 151229|| aca||aabn | a|a d
040 ## - CATALOGING SOURCE
- Original cataloging agency: OSt
- Transcribing agency: OSt
100 ## - HEADING--PERSONAL NAME
- Personal name: Chen, Ivan
670 ## - SOURCE DATA FOUND
- Source citation: Work cat.: (OSt)38817: Chen, Ivan, The Book of Filial Duty, 1908









